000
00326nam a22001457a 4500
003
SGT
082
_a
336.095484,
100
_a
CHANDRASEKHAR,P
245
_a
THE ANDHRA PRADESH GENERAL SALES TAX ACT
250
_a
7TH
260
_a
HYDRABAD
_b
ASIAN LAW HOUSE
_c
2001
300
_a
9006
650
_a
INCOME TEX
942
_2
ddc
_c
BK
999
_c
9660
_d
9660